Quiz o Piłce Nożnej. 15pytań - Statystyki

Ogólne statystyki
  • Ten quiz został rozwiązany 230 razy
  • Średni wynik to 8 z 15
Statystyki odpowiedzi
Zagadnienie Odpowiedź % Poprawnych
Kto zdobył 8 złotych piłek? Lionel Messi
89%
Kto zdobył więcej Euro? Hiszpania
66%
Czy Achrtaf Hakimi grał w Realu Madryt Tak
62%
Czy kiedykolwiek Nottingham Forest Wygrał Premier Leauge? Tak
60%
Wygrany Mistrzostw Świata w 2002 Brazylia
58%
Wynik Meczu Hiszpania - Gruzja (euro 2024) 4:1 dla Hiszpanii
55%
Czy Mario Balotelli gra dalej w profesjonalną piłke nożną? Tak
55%
Czy Real Madryt wygrał 27razy ligę hiszpańską? Tak
51%
Po ile klubów grają w lidze Arabskiej? 18
44%
Wynik meczu Polska - Szwecja (Euro 2020) to... 3:2 dla Szwecjii
44%
Ile meczów w reprezentacjii Polski zagrał Wojciech Szczęsny? 84
44%
Czy Gruzja Grała kiedyś na Euro nie licząc Euro 2024 Tak
43%
Najmłodszy strzelec na Mistrzostwach Świata? Pele
31%
Czy Xavi wygrał złotą piłke ? Tak
31%
Najstarszy strzelec na Euro to... Luka Modric
29%
Nie znaleziono quizów pasujących do podanych kryteriów
Rozkład punktacji
Procent ludzi z każdym wynikiem
Percentyl według liczby udzielonych odpowiedzi
Twoja historia wyników
Nie rozwiązałeś tego quizu